Aziatskij mir v novych realijach transgraničja sbornik naučnych statej

Na minha lista:
Detalhes bibliográficos
Autor Corporativo: Aziatskij mir v novych realijach transgraničja. konferencija
Outros Autores: Chasbulatov, R.I, Ivanovoj, S.V, Akimov, A.V, Tkač, A.V
Formato: Livro
Idioma:russo
inglês
Publicado em: Moskva FGBOU VPO "REU im. G. V. Plechanova" 2021
Edição:1-ye izdaniye
Assuntos:
Tags: Adicionar Tag
Sem tags, seja o primeiro a adicionar uma tag!

MARC

LEADER 00000nam a2200000 4500
001 0279359
005 20240822101717.3
020 |a 978-5-7307-1822-7 
041 0 |a rus 
041 0 |a eng 
044 |a RU 
245 1 0 |a Aziatskij mir v novych realijach transgraničja  |b sbornik naučnych statej  |c pod. red.: R.I. Chasbulatov, S.V. Ivanovoj ; recenzenty: A.V. Akimov, A.V. Tkač 
250 |a 1-ye izdaniye 
264 1 |a Moskva  |b FGBOU VPO "REU im. G. V. Plechanova"  |c 2021 
300 |a 260 s. 
610 2 0 |a vzťahy medzinárodné 
610 2 0 |a spolupráca medzinárodná 
610 2 0 |a podnikanie medzinárodné 
610 2 0 |a rozvoj sociálno-ekonomický 
610 2 0 |a Ázia 
700 1 |a Chasbulatov, R.I. 
700 1 |a Ivanovoj, S.V. 
700 1 |a Akimov, A.V. 
700 1 |a Tkač, A.V. 
110 2 |a Aziatskij mir v novych realijach transgraničja. konferencija